El camino del petróleo /

Guardado en:
Autor Principal: YPF.
Formato: Deslizar
Materias:
YPF
Etiquetas: Agregar Etiqueta
Sin Etiquetas, Sea el primero en etiquetar este registro!
LEADER 01024ngm a22002895g 4500
001 CEM.cems021428
008 130507b1992##################0###0#####d
005 20240823131536.0
245 1 0 |a El camino del petróleo /  |c YPF. 
300 |a 25 
500 |a En soporte VHS, consultar en ventanilla. 
538 |a Soporte: VHS - Norma: Pal N - Color - Grabación Drd 1992 - Hitachi=1946 
505 0 |a Procedencia. Elementos que lo forman. Materia orgánica. Yacimientos: formación. Primeros descubrimientos en Argentina. Perforaciones. Derivados: tipos, usos, y su transporte. YPF : destilerías. 
100 1 |a YPF. 
082 9 1 |. 1/VAL 
653 |a PETROLEO 
653 |a GEOLOGIA 
653 |a GEOGRAFIA 
653 |a ARGENTINA-ENERGIA 
653 |a ARGENTINA-GEOGRAFIA 
653 |a YPF 
653 |a YACIMIENTOS PETROLIFEROS 
653 |a PERFORACIONES 
653 |a DESTILERIAS 
653 |a NIVEL PRIMARIO 
653 |a NIVEL SECUNDARIO 
859 |a CEMS  |b BIB. CEMS - Depto. Recursos Didacticos  |h 918.1  |i VAL  |k DRD  |p 71.12  |t Ej.1